[Event "56th Rubinstein Memorial A 2020"]
[Site "Polanica Zdroj"]
[Date "2020.08.15"]
[Round "1.18"]
[White "Jaskolka, Tomasz"]
[Black "Kowalczyk, Wojciech"]
[Result "1-0"]
[WhiteElo "2196"]
[BlackElo "1873"]
[Annotator "ChessBase"]
[PlyCount "61"]
[EventDate "2020.08.15"]
[EventType "swiss"]
[EventCountry "POL"]
[SourceTitle "playchess.com"]
[Source "ChessBase"]
[SourceQuality "1"]
[TimeControl "40/5400+30:1800+30"]

1. d4 {[%emt 0:00:00]} Nf6 {[%emt 0:00:00]} 2. Bf4 {[%emt 0:00:00]} d6 {[%emt 0:00:05]} 3. Nc3 {[%emt 0:00:15]} g6 {[%emt 0:00:29]} 4. e4 {[%emt 0:00:13]} Bg7 {[%emt 0:01:03]} 5. Qd2 {[%emt 0:00:13]} O-O {[%emt 0:02:23]} 6. O-O-O {[%emt 0:01:42]} c6 {[%emt 0:03:30]} 7. Bh6 {[%emt 0:01:30]} b5 {[%emt 0:04:37]} 8. f3 {[%emt 0:00:19]} a5 {[%emt 0:06:58]} 9. h4 {[%emt 0:01:02]} a4 {[%emt 0:07:12]} 10. h5 {[%emt 0:02:55]} b4 {[%emt 0:02:15]} 11. Nb1 {[%emt 0:06:52]} Qa5 {[%emt 0:10:04]} 12. hxg6 {[%emt 0:07:21]} fxg6 {[%emt 0:01:25]} 13. e5 {[%emt 0:02:07]} dxe5 {[%emt 0:08:19]} 14. Bc4+ {[%emt 0:00:37]} e6 {[%emt 0:01:45]} 15. Bxg7 {[%emt 0:01:40]} Kxg7 {[%emt 0:00:17]} 16. Qh6+ {[%emt 0:00:22]} Kg8 {[%emt 0:06:48]} 17. Nh3 {[%emt 0:02:31]} Ra7 {[%emt 0:04:26]} 18. Ng5 {[%emt 0:14:33]} Re7 {[%emt 0:01:59]} 19. Rde1 {[%emt 0:05:00]} Qc7 {[%emt 0:12:09]} 20. Rxe5 {[%emt 0:12:06]} Nd5 {[%emt 0:11:35]} 21. Rhe1 {[%emt 0:02:35]} Rf6 {[%emt 0:02:36]} 22. Nd2 {[%emt 0:02:07]} Rf5 {[%emt 0:05:36]} 23. f4 {[%emt 0:10:10]} Rxe5 {[%emt 0:03:31]} 24. fxe5 {[%emt 0:00:05]} Ba6 {[%emt 0:01:11]} 25. Bxa6 {[%emt 0:04:43]} Nxa6 {[%emt 0:00:08]} 26. Nde4 {[%emt 0:00:08]} c5 {[%emt 0:01:45]} 27. Rf1 {[%emt 0:01:39]} Qd8 {[%emt 0:00:45]} 28. Nxh7 {[%emt 0:00:48]} Rg7 {[%emt 0:00:36]} 29. Nhf6+ {[%emt 0:00:48]} Nxf6 {[%emt 0:00:24]} 30. Nxf6+ {[%emt 0:00:06]} Kf7 {[%emt 0:00:21]} 31. Nh5+ {[%emt 0:00:07]} 1-0

[Event "56th Rubinstein Memorial A 2020"]
[Site "Polanica Zdroj"]
[Date "2020.08.15"]
[Round "1.19"]
[White "Kazmierowski, Tymon"]
[Black "Luba, Lukasz"]
[Result "0-1"]
[WhiteElo "1870"]
[BlackElo "2188"]
[Annotator "ChessBase"]
[PlyCount "96"]
[EventDate "2020.08.15"]
[EventType "swiss"]
[EventCountry "POL"]
[SourceTitle "playchess.com"]
[Source "ChessBase"]
[SourceQuality "1"]
[TimeControl "40/5400+30:1800+30"]

1. d4 {[%emt 0:00:00]} d5 {[%emt 0:00:00]} 2. c4 {[%emt 0:00:00]} c6 {[%emt 0:00:00]} 3. cxd5 {[%emt 0:00:00]} cxd5 {[%emt 0:00:08]} 4. Bf4 {[%emt 0:00:00]} Nc6 {[%emt 0:00:22]} 5. e3 {[%emt 0:00:01]} Qb6 {[%emt 0:00:25]} 6. Nc3 {[%emt 0:01:19]} e6 {[%emt 0:00:07]} 7. Bd3 {[%emt 0:02:21]} Bd7 {[%emt 0:01:36]} 8. Nge2 {[%emt 0:00:48]} Nf6 {[%emt 0:00:50]} 9. O-O {[%emt 0:01:00]} Nh5 {[%emt 0:00:31]} 10. Qd2 {[%emt 0:03:31]} Nxf4 {[%emt 0:00:19]} 11. Nxf4 {[%emt 0:00:02]} Bd6 {[%emt 0:00:27]} 12. Nh5 {[%emt 0:02:23]} O-O-O {[%emt 0:00:37]} 13. a3 {[%emt 0:06:44]} Rdg8 {[%emt 0:00:41]} 14. b4 {[%emt 0:01:03]} Qd8 {[%emt 0:00:54]} 15. Rac1 {[%emt 0:02:21]} Kb8 {[%emt 0:00:16]} 16. Be2 {[%emt 0:06:38]} g6 {[%emt 0:01:40]} 17. Ng3 {[%emt 0:00:46]} f5 {[%emt 0:00:43]} 18. Nb5 {[%emt 0:03:07]} Be7 {[%emt 0:00:51]} 19. f4 {[%emt 0:14:12]} h5 {[%emt 0:00:10]} 20. Bd3 {[%emt 0:08:53]} Qb6 {[%emt 0:00:52]} 21. Ne2 {[%emt 0:01:12]} Nxb4 {[%emt 0:00:37]} 22. a4 {[%emt 0:03:18]} Nxd3 {[%emt 0:03:22]} 23. Qxd3 {[%emt 0:00:13]} Bxb5 {[%emt 0:00:17]} 24. axb5 {[%emt 0:00:08]} Rc8 {[%emt 0:00:07]} 25. Nc3 {[%emt 0:00:26]} Rc4 {[%emt 0:00:06]} 26. Ra1 {[%emt 0:00:45]} Rhc8 {[%emt 0:00:27]} 27. Na4 {[%emt 0:00:55]} Qxb5 {[%emt 0:00:08]} 28. Nc5 {[%emt 0:01:21]} R4xc5 {[%emt 0:00:06]} 29. Qa3 {[%emt 0:00:11]} Qb6 {[%emt 0:05:16]} 30. dxc5 {[%emt 0:01:05]} Bxc5 {[%emt 0:00:07]} 31. Qa4 {[%emt 0:00:20]} Bxe3+ {[%emt 0:00:22]} 32. Kh1 {[%emt 0:00:05]} Qc6 {[%emt 0:01:01]} 33. Qa3 {[%emt 0:00:24]} Qc5 {[%emt 0:04:07]} 34. Qa4 {[%emt 0:00:34]} d4 {[%emt 0:03:48]} 35. Rfb1 {[%emt 0:02:45]} d3 {[%emt 0:01:10]} 36. Qa6 {[%emt 0:06:01]} Qd5 {[%emt 0:00:11]} 37. Ra5 {[%emt 0:02:09]} d2 {[%emt 0:04:19]} 38. Rxd5 {[%emt 0:01:01]} Rc1+ {[%emt 0:00:07]} 39. Qf1 {[%emt 0:00:06]} exd5 {[%emt 0:00:13]} 40. g3 {[%emt 0:00:00]} Rxf1+ {[%emt 0:00:00]} 41. Rxf1 {[%emt 0:00:29]} b5 {[%emt 0:03:19]} 42. Kg2 {[%emt 0:00:11]} b4 {[%emt 0:01:55]} 43. Rd1 {[%emt 0:00:31]} Kb7 {[%emt 0:00:49]} 44. Kf3 {[%emt 0:00:13]} d4 {[%emt 0:00:04]} 45. Ke2 {[%emt 0:00:46]} Kb6 {[%emt 0:00:03]} 46. Kd3 {[%emt 0:02:07]} Kb5 {[%emt 0:00:05]} 47. Kc2 {[%emt 0:00:16]} a5 {[%emt 0:00:06]} 48. Ra1 {[%emt 0:01:50]} a4 {[%emt 0:00:05]} 0-1

[Event "56th Rubinstein Memorial A 2020"]
[Site "Polanica Zdroj"]
[Date "2020.08.15"]
[Round "1.20"]
[White "Wisniewski, Michal"]
[Black "Wojcik, Wieslaw"]
[Result "*"]
[WhiteElo "2155"]
[BlackElo "1863"]
[Annotator "TA"]
[PlyCount "20"]
[EventDate "2020.08.15"]
[EventType "swiss"]
[EventCountry "POL"]
[SourceTitle "playchess.com"]
[Source "ChessBase"]
[SourceQuality "1"]

{[%evp 1,1,11]} 1. Nf3 {A rather calm draw.} {Predecessor:} Nf6 2. g3 b5 3. d3 e6 4. e4 d5 5. exd5 Nxd5 6. Bg2 {A05: Réti Opening: 1 Nf3 Nf6.} Bb7 7. O-O Nf6 8. a4 b4 9. Nbd2 Be7 10. Nc4 O-O {½-½ (31) Ding,L (2791)-Carlsen,M (2863) chess24.com INT 2020} *

[Event "56th Rubinstein Memorial A 2020"]
[Site "Polanica Zdroj"]
[Date "2020.08.16"]
[Round "2.1"]
[White "Ovsejevitsch, Sergei"]
[Black "Fiedorek, Michal"]
[Result "1/2-1/2"]
[WhiteElo "2587"]
[BlackElo "2212"]
[Annotator "ChessBase"]
[PlyCount "50"]
[EventDate "2020.08.15"]
[EventType "swiss"]
[EventCountry "POL"]
[SourceTitle "playchess.com"]
[Source "ChessBase"]
[SourceQuality "1"]
[TimeControl "40/5400+30:1800+30"]

1. Nf3 {[%emt 0:00:00]} Nf6 {[%emt 0:00:00]} 2. c4 {[%emt 0:00:00]} g6 {[%emt 0:01:28]} 3. Nc3 {[%emt 0:00:16]} Bg7 {[%emt 0:00:15]} 4. e4 {[%emt 0:00:24]} d6 {[%emt 0:00:14]} 5. d4 {[%emt 0:00:22]} O-O {[%emt 0:00:13]} 6. Be2 {[%emt 0:00:30]} e5 {[%emt 0:00:16]} 7. d5 {[%emt 0:05:19]} a5 {[%emt 0:00:31]} 8. Be3 {[%emt 0:09:14]} Ng4 {[%emt 0:04:22]} 9. Bg5 {[%emt 0:00:53]} f6 {[%emt 0:00:35]} 10. Bd2 {[%emt 0:02:58]} f5 {[%emt 0:01:24]} 11. exf5 {[%emt 0:01:05]} gxf5 {[%emt 0:00:39]} 12. O-O {[%emt 0:03:32]} e4 {[%emt 0:05:53]} 13. Ne1 {[%emt 0:02:49]} Ne5 {[%emt 0:23:56]} 14. f3 {[%emt 0:06:29]} exf3 {[%emt 0:08:50]} 15. Nxf3 {[%emt 0:00:42]} Nbd7 {[%emt 0:00:36]} 16. Kh1 {[%emt 0:03:03]} Nxf3 {[%emt 0:04:29]} 17. gxf3 {[%emt 0:02:50]} Ne5 {[%emt 0:14:31]} 18. Qc1 {[%emt 0:13:07]} Qh4 {[%emt 0:06:44]} 19. Bf4 {[%emt 0:09:43]} Bd7 {[%emt 0:03:53]} 20. Rg1 {[%emt 0:06:51]} Kh8 {[%emt 0:02:18]} 21. Qd2 {[%emt 0:07:50]} a4 {[%emt 0:04:48]} 22. Nb5 {[%emt 0:08:27]} Bxb5 {[%emt 0:02:26]} 23. cxb5 {[%emt 0:00:04]} Ng6 {[%emt 0:01:41]} 24. Bg5 {[%emt 0:02:28]} Qd4 {[%emt 0:01:19]} 25. Rac1 {[%emt 0:01:05]} Rae8 {[%emt 0:02:17]} 1/2-1/2

[Event "56th Rubinstein Memorial A 2020"]
[Site "Polanica Zdroj"]
[Date "2020.08.16"]
[Round "2.1"]
[White "Jedynak, January"]
[Black "Betkowski, Andrzej"]
[Result "1-0"]
[WhiteElo "1887"]
[BlackElo "2044"]
[Annotator "ChessBase"]
[PlyCount "131"]
[EventDate "2020.08.15"]
[EventType "swiss"]
[EventCountry "POL"]
[SourceTitle "playchess.com"]
[Source "ChessBase"]
[SourceQuality "1"]
[TimeControl "40/5400+30:1800+30"]

1. e4 {[%emt 0:06:55]} e6 {[%emt 0:00:00]} 2. d4 {[%emt 0:00:12]} d5 {[%emt 0:00:00]} 3. exd5 {[%emt 0:00:43]} exd5 {[%emt 0:00:00]} 4. Nf3 {[%emt 0:00:11]} Bd6 {[%emt 0:01:43]} 5. c4 {[%emt 0:00:35]} Nf6 {[%emt 0:02:07]} 6. Nc3 {[%emt 0:02:52]} dxc4 {[%emt 0:10:59]} 7. Bxc4 {[%emt 0:00:13]} O-O {[%emt 0:00:47]} 8. O-O {[%emt 0:01:04]} Bg4 {[%emt 0:05:10]} 9. Bg5 {[%emt 0:16:49]} Nbd7 {[%emt 0:02:55]} 10. Re1 {[%emt 0:06:07]} c6 {[%emt 0:06:25]} 11. Ne4 {[%emt 0:22:50]} Be7 {[%emt 0:11:29]} 12. Ng3 {[%emt 0:03:08]} Nb6 {[%emt 0:09:49]} 13. Bb3 {[%emt 0:02:07]} h6 {[%emt 0:06:43]} 14. Bd2 {[%emt 0:03:58]} Nfd5 {[%emt 0:07:09]} 15. h3 {[%emt 0:00:50]} Bxf3 {[%emt 0:02:52]} 16. Qxf3 {[%emt 0:00:15]} Bg5 {[%emt 0:03:00]} 17. Bxg5 {[%emt 0:02:41]} Qxg5 {[%emt 0:00:53]} 18. Re5 {[%emt 0:02:39]} Qf4 {[%emt 0:03:27]} 19. Qe2 {[%emt 0:04:26]} Qxd4 {[%emt 0:03:13]} 20. Nf5 {[%emt 0:01:06]} Qb4 {[%emt 0:04:30]} 21. Re4 {[%emt 0:01:52]} Qc5 {[%emt 0:05:44]} 22. Qg4 {[%emt 0:00:16]} g6 {[%emt 0:00:20]} 23. Nxh6+ {[%emt 0:01:11]} Kg7 {[%emt 0:03:05]} 24. Nf5+ {[%emt 0:02:08]} Kg8 {[%emt 0:00:18]} 25. Qg5 {[%emt 0:06:15]} Rfe8 {[%emt 0:00:56]} 26. Rh4 {[%emt 0:01:11]} Qf8 {[%emt 0:00:43]} 27. Nh6+ {[%emt 0:01:16]} Kg7 {[%emt 0:00:42]} 28. Bc2 {[%emt 0:03:02]} Re6 {[%emt 0:03:07]} 29. Ng4 {[%emt 0:03:26]} Kg8 {[%emt 0:00:48]} 30. Rh6 {[%emt 0:01:15]} Qg7 {[%emt 0:00:42]} 31. Rh4 {[%emt 0:00:51]} Rae8 {[%emt 0:01:28]} 32. Nh6+ {[%emt 0:01:34]} Kf8 {[%emt 0:00:37]} 33. Rf1 {[%emt 0:01:10]} Re5 {[%emt 0:00:40]} 34. Qc1 {[%emt 0:00:47]} Qf6 {[%emt 0:01:06]} 35. g3 {[%emt 0:00:49]} Re2 {[%emt 0:00:32]} 36. Ng4 {[%emt 0:00:18]} Qg7 {[%emt 0:00:12]} 37. b3 {[%emt 0:00:35]} Nc3 {[%emt 0:01:02]} 38. Qa3+ {[%emt 0:00:14]} R8e7 {[%emt 0:00:30]} 39. Qxa7 {[%emt 0:00:55]} Nbd5 {[%emt 0:01:42]} 40. Qb8+ {[%emt 0:00:00]} Re8 {[%emt 0:00:00]} 41. Qd6+ {[%emt 0:01:43]} R8e7 {[%emt 0:01:13]} 42. Bd3 {[%emt 0:01:13]} R2e6 {[%emt 0:00:41]} 43. Qb8+ {[%emt 0:01:08]} Re8 {[%emt 0:00:05]} 44. Qxb7 {[%emt 0:00:55]} f5 {[%emt 0:02:49]} 45. Qxg7+ {[%emt 0:01:06]} Kxg7 {[%emt 0:00:02]} 46. Nh2 {[%emt 0:00:27]} Nxa2 {[%emt 0:00:33]} 47. Bc4 {[%emt 0:00:43]} Re4 {[%emt 0:03:26]} 48. Rxe4 {[%emt 0:00:36]} Rxe4 {[%emt 0:00:02]} 49. Nf3 {[%emt 0:01:37]} Nb6 {[%emt 0:01:36]} 50. Ng5 {[%emt 0:01:32]} Re5 {[%emt 0:00:27]} 51. Ra1 {[%emt 0:07:08]} Nxc4 {[%emt 0:00:42]} 52. Rxa2 {[%emt 0:00:11]} Nd6 {[%emt 0:03:32]} 53. Rc2 {[%emt 0:00:30]} c5 {[%emt 0:01:00]} 54. Rxc5 {[%emt 0:01:14]} Re1+ {[%emt 0:01:01]} 55. Kg2 {[%emt 0:00:23]} Rb1 {[%emt 0:00:39]} 56. Rd5 {[%emt 0:02:27]} Ne8 {[%emt 0:02:19]} 57. Rd7+ {[%emt 0:01:40]} Kg8 {[%emt 0:01:58]} 58. Rb7 {[%emt 0:00:33]} Nf6 {[%emt 0:00:40]} 59. b4 {[%emt 0:02:42]} Nd5 {[%emt 0:00:57]} 60. b5 {[%emt 0:00:10]} Rb2 {[%emt 0:00:56]} 61. Kf3 {[%emt 0:03:05]} Rb3+ {[%emt 0:00:35]} 62. Kg2 {[%emt 0:00:24]} Rb2 {[%emt 0:00:03]} 63. Ne6 {[%emt 0:01:03]} Kh8 {[%emt 0:04:42]} 64. h4 {[%emt 0:02:34]} Ne3+ {[%emt 0:00:58]} 65. Kf3 {[%emt 0:00:56]} Nd5 {[%emt 0:03:05]} 66. Nf8 {[%emt 0:00:42]} 1-0

[Event "56th Rubinstein Memorial A 2020"]
[Site "Polanica Zdroj"]
[Date "2020.08.16"]
[Round "2.2"]
[White "Cukrowski, Filip"]
[Black "Jaskolka, Tomasz"]
[Result "1-0"]
[WhiteElo "2419"]
[BlackElo "2196"]
[Annotator "TA"]
[PlyCount "105"]
[EventDate "2020.08.15"]
[EventType "swiss"]
[EventCountry "POL"]
[SourceTitle "playchess.com"]
[Source "ChessBase"]
[SourceQuality "1"]

{[%evp 9,105,41,95,90,116,37,53,44,67,74,139,59,132,79,66,79,70,69,85,77,73,63,86,27,45,19,21,23,87,-10,84,100,139,60,147,157,158,58,54,63,73,64,70,62,414,414,550,546,544,539,529,500,529,303,301,315,293,293,463,468,446,460,445,374,357,335,473,464,29960,29961,10943,5604,29968,29969,29968,29969,29970,29971,29971,29972,29972,29973,29971,29971,29969,29962,29963,29967,29980,29981,29978,29979,29982,29983,29983,29984,29990,29991]} 1. c4 g6 2. g3 d5 3. cxd5 Qxd5 4. Nf3 Nf6 5. Nc3 Qh5 (5... Qa5 $14) 6. d4 $16 {A10: English Opening: Unusual Replies for Black.} Bg7 7. Bf4 (7. e4 $16) 7... c6 {[#]} 8. e4 $146 {White is slightly better.} ({Predecessor:} 8. Bg2 O-O 9. h3 Qa5 10. O-O Nd5 11. Bd2 Qb6 12. e4 Nf6 13. Na4 Qd8 14. Re1 {0-1 (51) Alvarez,A (2040)-Ramirez,B (2257) Medellin 2016}) 8... Bg4 9. Be2 Nbd7 {[#]} (9... Qa5 $142) 10. h3 $1 {[%mdl 512]} Nb6 (10... Bxf3 $1 $14 11. Bxf3 Qa5) (10... Bxh3 11. Ng5) 11. Ng5 (11. b4 $142) 11... h6 12. Bxg4 Nxg4 13. Nf3 {Black must now prevent Bc7.} (13. Qxg4 $6 hxg5 14. Qxh5 Rxh5 $11) 13... g5 14. Bc7 {Hoping for Ne5.} Nf6 15. g4 $36 {[%mdl 2048] White is more active.} Qg6 16. Qe2 (16. Ne5 $16 Qh7 17. Qb3) 16... Nfd7 $11 17. h4 h5 18. Rg1 $1 Rc8 (18... Nf8 $11) 19. Bh2 (19. Bxb6 $16 Nxb6 20. gxh5 (20. Nxg5 Bxd4 21. Rd1 Rd8 $11) 20... Rxh5 21. Rxg5 Rxg5 22. hxg5) 19... hxg4 (19... c5 $11) 20. Rxg4 $16 f6 21. hxg5 (21. O-O-O $16) 21... fxg5 (21... Rh3 $14) 22. Rxg5 Qf7 23. e5 (23. Rg2 $16) 23... Nf8 $1 $14 24. Qe4 Ne6 25. Rf5 Qg6 {Threatening ...Nd5.} 26. O-O-O $1 Rxh2 $2 {[%mdl 8192] Now Black is done in.} ({Black should play} 26... Kd7 $14) 27. Nxh2 $18 Qh6+ 28. Kb1 Qxh2 29. Rh1 Nc4 {Threatens to win with ...Nd2+.} 30. Kc1 ({But not} 30. Rf8+ $2 Nxf8 31. Rxh2 Nd2+ 32. Kc2 Nxe4 $19) 30... Nd6 31. Rxh2 Nxe4 32. Nxe4 Nxd4 33. Rfh5 Ne6 (33... c5 {was worth a try.} 34. f4 Rc6) 34. R2h4 Rd8 35. f4 Rd5 36. f5 Nc5 37. f6 exf6 (37... Bxf6 {was called for.} 38. Nxf6+ (38. exf6 Rxh5 39. Rxh5 Nxe4 $16) 38... exf6 39. exf6 Kf7 40. Rxd5 cxd5) 38. exf6 Nxe4 (38... Bf8 $18 39. Rxd5 cxd5 40. Nxc5 Bxc5) 39. Rxe4+ Kf7 40. Rxd5 cxd5 {[%mdl 4096] Endgame KR-KB} 41. Re7+ {[%mdl 64] Double Attack. White mates.} Kxf6 42. Rxb7 Bh6+ 43. Kc2 Be3 44. Kd3 Bg1 45. b4 Ke6 46. Rg7 Bf2 47. Rg2 Bb6 48. a4 {[%cal Ba2a4,Ba4a5,Ba5a6][%mdl 32]} Kd7 49. a5 Bc7 50. Rg7+ Kc6 {[#]} 51. b5+ $1 Kd6 {[#]} (51... Kxb5 52. Rxc7) 52. b6 $1 axb6 53. a6 {Accuracy: White = 68%, Black = 55%.} 1-0

[Event "56th Rubinstein Memorial A 2020"]
[Site "Polanica Zdroj"]
[Date "2020.08.16"]
[Round "2.3"]
[White "Luba, Lukasz"]
[Black "Butkiewicz, Lukasz"]
[Result "1/2-1/2"]
[WhiteElo "2188"]
[BlackElo "2400"]
[Annotator "TA"]
[PlyCount "80"]
[EventDate "2020.08.15"]
[EventType "swiss"]
[EventCountry "POL"]
[SourceTitle "playchess.com"]
[Source "ChessBase"]
[SourceQuality "1"]

{[%evp 15,80,-9,16,-34,-37,-44,-45,-47,-44,-43,0,-37,-22,-47,-51,-46,-48,-70,-75,-78,-62,-98,-22,-31,-39,-29,-33,-31,-30,-36,-44,-83,-81,-85,-26,-84,-47,-63,-33,-65,-75,-100,-100,-100,-39,-100,-100,-100,-94,-86,-65,-72,0,-50,0,-231,0,0,0,0,0,0,0,0,0,0,0]} 1. d4 Nf6 2. Nf3 b6 3. c4 Bb7 4. Nc3 e6 5. Bg5 Bb4 6. Qc2 h6 7. Bh4 g5 8. Bg3 Ne4 9. a3 {E13: Queen's Indian/Nimzo-Indian hybrid: 4 Nc3 Bb7 5 Bg5 h6 6 Bh4 Bb4.} Bxc3+ $1 10. bxc3 d6 11. e3 {Black is slightly better.} Nd7 12. Nd2 f5 13. f3 Nxd2 {[#]} 14. Kxd2 $146 ({Predecessor:} 14. Qxd2 Qe7 15. Bf2 Nf6 16. Be2 O-O 17. h3 e5 18. O-O e4 19. f4 Rae8 20. g3 {½-½ (34) Almeida,C (1905)-Caio,F (1702) Recife 2014}) 14... Qf6 15. Bd3 O-O-O 16. e4 {[%cal Re4f5]} f4 17. Bf2 e5 18. Rhb1 c5 (18... h5 $17) 19. a4 $11 a5 $1 20. Ra3 Ba6 21. Rab3 {[#] aiming for Rxb6.} Kc7 $1 22. Qb2 {[%cal Rb3b6]} Rb8 23. Be2 Qf7 24. d5 h5 (24... g4 $17 25. fxg4 Qg6) 25. h3 (25. Qc1 $11 {remains equal.}) 25... Qe7 26. Kc2 Qh7 27. Bd3 g4 28. Qc1 ({But not} 28. fxg4 $2 hxg4 29. hxg4 {[#]} Bxc4 $1 $19 {[%mdl 512]}) 28... gxf3 29. gxf3 Rhg8 (29... h4 $17) 30. Bf1 (30. h4 $1 $15) 30... h4 $17 31. Kb2 Qh5 32. Qd1 Nf6 33. Ka3 Nh7 ({Black should try} 33... Qh6 $17) 34. Be2 Ng5 35. Qf1 $2 (35. R1b2 $1 $11 {and White is okay.}) 35... Rgd8 $2 ({Better is} 35... Bc8 $19 36. Bg1 Bxh3) 36. R1b2 $11 {Strongly threatening Qb1.The position is equal.} Rb7 $1 37. Qb1 Rdb8 $1 38. Qg1 Rh8 39. Qb1 {[%cal Rb3b6]} Rhb8 $1 40. Qg1 Rh8 {Accuracy: White = 59%, Black = 69%.} 1/2-1/2

[Event "56th Rubinstein Memorial A 2020"]
[Site "Polanica Zdroj"]
[Date "2020.08.16"]
[Round "2.4"]
[White "Balinski, Damian"]
[Black "Lukasiewicz, Krzysztof"]
[Result "0-1"]
[WhiteElo "2136"]
[BlackElo "2343"]
[Annotator "TA"]
[PlyCount "110"]
[EventDate "2020.08.15"]
[EventType "swiss"]
[EventCountry "POL"]
[SourceTitle "playchess.com"]
[Source "ChessBase"]
[SourceQuality "1"]

{[%evp 16,110,2,-8,43,39,47,45,43,43,49,39,52,47,54,0,16,-37,-45,-49,-77,-56,0,-91,-60,-122,-26,-131,-108,-117,-125,-95,-91,-98,-122,-107,-112,-150,-150,-201,-161,-260,-225,-210,-192,-198,-194,-174,-159,-197,-145,-178,-124,-427,-418,-400,-397,-472,-458,-414,-316,-775,-647,-637,-588,-1460,-1115,-5695,-2177,-12836,-12837,-12838,-12838,-12841,-12841,-12841,-12841,-12843,-12844,-12844,-12843,-12844,-12844,-12845,-12845,-12845,-12845,-12845,-12845,-12845,-12845,-12845,-12846,-12846,-12847,-12847,-12847]} 1. d4 Nf6 2. c4 e6 3. Nc3 Bb4 4. Qc2 O-O 5. a3 Bxc3+ 6. Qxc3 d6 7. Bg5 Nbd7 8. Nf3 h6 9. Bh4 g5 {E32: Nimzo-Indian: Classical (4 Qc2): 4...0-0.} (9... b6 $11) 10. Bg3 $14 Ne4 11. Qc2 f5 {White is slightly better.} 12. e3 b6 13. Nd2 Nxg3 14. hxg3 Qf6 {[#]} 15. Bd3 $146 ({Predecessor:} 15. Be2 Bb7 16. Bf3 c6 17. O-O-O g4 18. Be2 c5 19. d5 exd5 20. cxd5 c4 21. Nb1 {1-0 (34) Onischuk,A (2637)-Van der Wiel,J (2558) Wijk aan Zee 2000}) 15... Bb7 16. f3 (16. O-O-O $11) 16... c5 $15 17. d5 exd5 18. cxd5 Bxd5 (18... Ne5 $15) 19. e4 (19. O-O-O $1 $11 {remains equal.}) 19... Bf7 $1 $17 20. O-O-O {[#]} (20. Bb5 $15 Ne5 21. O-O-O) 20... Ne5 (20... c4 $1 $17 {[%cal Rc4d3][%mdl 512]} 21. Bf1 (21. Nxc4 Rac8) 21... Rac8 22. exf5 d5) 21. Nc4 (21. Bc4 $11) 21... fxe4 22. Nxe5 exd3 ({And not} 22... Qxe5 23. Bxe4 Rae8 24. Rxh6 $16) 23. Ng4 dxc2 24. Nxf6+ Kg7 25. Rxd6 Rad8 $36 {[%mdl 2048] Black is on the roll.} 26. Rxd8 Rxd8 {[%mdl 4096] Endgame KRB-KRN} 27. Ne4 (27. Ng4 $17 {was called for.}) 27... Bg6 28. Kxc2 (28. Nc3 $142) 28... Bxe4+ $19 29. fxe4 {KR-KR} Rd4 30. Re1 Kf6 31. e5+ Ke6 32. Rh1 Kxe5 33. Rxh6 Rg4 ({Black should try} 33... Rc4+ $19 34. Kd3 Rc1) 34. Rh3 $2 {[%mdl 8192] This costs White the game.} (34. Rh7 $17 {nothing else works.}) 34... Kd4 35. Kd2 b5 36. Ke2 Re4+ 37. Kf2 Kc4 38. Rh7 $2 (38. g4 Rxg4 39. Kf3 Rf4+ 40. Ke2) 38... a5 {Black is clearly winning.} 39. Kf3 Re5 40. a4 {White hopes to continue with axb5.} bxa4 41. Ra7 Kb3 42. Rxa5 Kxb2 43. Rxa4 Kb3 44. Ra8 c4 45. Rb8+ Kc2 46. Rc8 c3 47. Rb8 Kc1 48. Rb7 c2 49. g4 Kd2 50. Rd7+ Kc3 {( -> ...Kc4)} 51. Rc7+ Kd3 52. g3 Re1 53. Rd7+ Kc3 54. Rc7+ Kb3 55. Rb7+ Ka4 {Accuracy: White = 46%, Black = 84%.} 0-1

[Event "56th Rubinstein Memorial A 2020"]
[Site "Polanica Zdroj"]
[Date "2020.08.16"]
[Round "2.5"]
[White "Luberanski, Jakub"]
[Black "Zochowski, Kacper"]
[Result "0-1"]
[WhiteElo "2146"]
[BlackElo "2278"]
[Annotator "TA"]
[PlyCount "96"]
[EventDate "2020.08.15"]
[EventType "swiss"]
[EventCountry "POL"]
[SourceTitle "playchess.com"]
[Source "ChessBase"]
[SourceQuality "1"]

{[%evp 18,96,0,0,0,0,0,0,0,0,0,0,0,0,0,0,0,0,-8,-11,-12,-13,-13,-16,-23,-52,-57,-59,-62,-89,-86,-124,-154,-140,-146,-307,-241,-277,-265,-526,-502,-545,-540,-521,-518,-815,-695,-830,-633,-821,-809,-768,-685,-655,-639,-6329,-6387,-3004,-2720,-6360,-7647,-6474,-6528,-6704,-6303,-6704,-7287,-5837,-5837,-5414,-5326,-29983,-29984,-29984,-29985,-29984,-29986,-29985,-29986,-29988,-29986]} 1. d4 Nf6 2. c4 e6 3. Nf3 b6 4. a3 Bb7 5. Nc3 d5 6. cxd5 exd5 7. Qa4+ c6 8. g3 Bd6 9. Bg2 O-O 10. O-O Re8 {E12: Queen's Indian: Unusual White 4th moves, 4 a3, 4 Nc3 Bb7 5 a3 and 4 Nc3 Bb7 .} 11. Qc2 Nbd7 {[%cal Bb8d7,Bd7f8,Bf8g6][%mdl 32] [#]} 12. Bf4 $146 ({Predecessor:} 12. Rd1 Qe7 13. Bf4 Bxf4 14. gxf4 Nf8 15. e3 Ng6 16. Rac1 Ng4 17. h3 Nh6 18. Ne2 Nh4 19. Nxh4 Qxh4 20. Ng3 Re6 21. Qe2 Rd8 {½-½ (21) Hansen,C (2635)-Rozentalis,E (2619) Malmo/Copenhagen 2004}) 12... Bxf4 {The position is equal.} 13. gxf4 Nf8 14. e3 Ng6 15. Rac1 Ng4 16. h3 Nh6 17. b4 Rc8 18. Qd3 f6 19. b5 Qd7 20. bxc6 Bxc6 21. Qa6 Nf5 22. a4 Nd6 23. Rfd1 Nc4 24. Nd2 {[#]} Nb2 $1 25. Re1 Nh4 26. a5 $2 {This move loses the game for White.} (26. Rb1 $17 Nxg2 27. Kxg2 Nxa4 28. Nb5 Bxb5 29. Rxb5) 26... Qf5 27. Bf1 {[#]} Nc4 $1 {[%mdl 512]} 28. Bxc4 $2 (28. Nxc4 dxc4 29. e4 Nf3+ 30. Kg2 Nxe1+ 31. Rxe1 Qxf4 32. Bxc4+ Kh8 33. Re3) 28... Qg6+ $19 29. Kf1 dxc4 30. Qxc4+ Kh8 31. d5 (31. Qa6 $142 b5 32. Nce4 Bxe4 33. Nxe4 Rxc1 34. Rxc1 Qxe4 35. Qxb5) 31... Bd7 32. Qd4 Bxh3+ 33. Ke2 Bg4+ 34. f3 {[#]} Bxf3+ $1 {[%mdl 576] Decoy} 35. Nxf3 Qg2+ {[%mdl 64] Double Attack} 36. Kd3 Nxf3 {[%csl Gf3][%cal Rg2d2]} 37. Re2 Qg6+ 38. f5 Qxf5+ 39. e4 Nxd4 40. exf5 Nxe2 41. Nxe2 Rxc1 42. Nxc1 bxa5 {[%cal Bb6a5,Ba5a4][%mdl 4128] Endgame KR-KN} 43. Kd4 h5 44. d6 h4 {Black mates.} 45. Nd3 h3 46. Kd5 h2 47. Nf2 a4 48. d7 {[#]} Rd8 $1 {Accuracy: White = 46%, Black = 96%.} 0-1